Farmers' praticipatory car impact assessment : the cae study of prasac kampong cham province ការវាយតំលៃលើពូជស្រូវខាដោយមានកសិករ​ចូលរួមៈ ករណីសិក្សាអង្កការប្រាសាក់ខេត្តកំពង់ចាម (Record no. 655)

000 -LEADER
fixed length control field 00694nam a22001577a 4500
003 - CONTROL NUMBER IDENTIFIER
control field OSt
005 - DATE AND TIME OF LATEST TRANSACTION
control field 20150917143131.0
008 - FIXED-LENGTH DATA ELEMENTS--GENERAL INFORMATION
fixed length control field 150917b xxu||||| |||| 00| 0 eng d
040 ## - CATALOGING SOURCE
Transcribing agency RUA
082 ## - DEWEY DECIMAL CLASSIFICATION NUMBER
Classification number AGR PHA 2000 B026 Or.1
100 ## - MAIN ENTRY--PERSONAL NAME
9 (RLIN) 680
Personal name PHAL, CHANSATHYA
245 ## - TITLE STATEMENT
Title Farmers' praticipatory car impact assessment : the cae study of prasac kampong cham province ការវាយតំលៃលើពូជស្រូវខាដោយមានកសិករ​ចូលរួមៈ ករណីសិក្សាអង្កការប្រាសាក់ខេត្តកំពង់ចាម
Medium
260 ## - PUBLICATION, DISTRIBUTION, ETC. (IMPRINT)
Place of publication, distribution, etc. Phnom Penh
Name of publisher, distributor, etc. RUA
Date of publication, distribution, etc. 2000
300 ## - PHYSICAL DESCRIPTION
Extent 41p.
Other physical details ill.
Dimensions 29cm.
942 ## - ADDED ENTRY ELEMENTS (KOHA)
Source of classification or shelving scheme
Koha item type AGR
Holdings
Price effective from Date last seen Permanent Location Not for loan Date acquired Source of classification or shelving scheme Koha item type Barcode Lost status Damaged status Withdrawn status Current Location Full call number
2015-09-172015-09-17Library Block B 2015-09-17 AGRRUA001835   Library Block BAGR PHA 2000 B026 Or.1
2015-09-172015-09-17Library Block B 2015-09-17 AGRRUA001829   Library Block BAGR PHA 2000 B026 Or.2
2015-09-172015-09-17Library Block B 2015-09-17 AGRRUA001763   Library Block BAGR PHA 2000 B026 Or.3
2015-09-172015-09-17Library Block B 2015-09-17 AGRRUA001962   Library Block BAGR PHA 2000 B026 Or.4
2015-09-172015-09-17Library Block B 2015-09-17 AGRRUA001680   Library Block BAGR PHA 2000 B026 Or.5
2015-09-172015-09-17Library Block B 2015-09-17 AGRRUA001998   Library Block BAGR PHA 2000 B026 Or.6
2015-09-172015-09-17Library Block B 2015-09-17 AGRRUA001633   Library Block BAGR PHA 2000 B026 Or.7
មជ្ឈមណ្ឌលឯការនៃសាកលវិទ្យាល័យភូមិន្ទកសិកម្មចំការដូង

Powered by Koha